| 000 | 00437 a2200145 4500 | ||
|---|---|---|---|
| 020 | _a8123913095 | ||
| 082 | _a624.1821 GOR | ||
| 082 | 0 | 4 |
_a624.1821 _bGOR |
| 100 | _aGorenc, B. | ||
| 245 |
_aSteel designers' handbook / _cBranko Gorenc, Ron Tinyou & Arun Syam. |
||
| 250 | _a7th ed. | ||
| 260 |
_aNew Delhi : _cCBS Publishers and Distributers, _b2006 |
||
| 300 |
_ax, 413 p. :` _bill. ; _c25 cm. |
||
| 650 | _aSteel, Structural. | ||
| 650 | _aBuilding, Iron and steel. | ||
| 999 |
_c1312 _d1312 |
||